000 00525nam a2200193Ia 4500
001 45002
008 140428s9999 xx 000 0 und d
020 _aNA
040 _cPK-LaUMT
082 _aRHC 891.4398
_bPAK-
100 _aRasheed Ahmad
245 _aPakistani adab 1994 (Urdu)
_bhissah nasr
_cRasheed Ahmad<>Saleem Akhtar
260 _aIslamabad,Pakistan:
_bAcademy Adabiyat Pakistan,
_c1995
300 _a1501 p.
546 _aUR
650 _aPakistani literature-Urdu
700 _aSaleem Akhtar
942 _cBK
999 _c42973
_d42973